Szczegóły MARC21

Antropologia słowa : zagadnienia i wybór tekstów /

003 -Nazwa inst., której nr kontr. jest w polu 001 [,]
    • @
    • Nazwa instytucji, której n kontrolny jest w polu 001
    • NUKAT
005 -DATA I CZAS OSTATNIEJ MODYFIKACJI [,]
    • @
    • pole kontrolne
    • 20241231105110.0
020 -Międzynarod. znormalizowany nr książki - ISBN [ , ]
    • a
    • Numer ISBN
    • 9788323500513 Find
040 -Instytucja sporządzająca opis [ , ]
    • a
    • Instytucja, która sporządziła opis (NP)
    • KAT U/30HG
    • c
    • Instytucja, która sporządziła rekord (NP)
    • KAT U/30HG
    • d
    • Instytucja, która zmodyfikowała rekord (P)
    • KAT U/30MS
041 -Język dokumentu [1, ]
    • a
    • Język tekstu (P)
    • polski
    • h
    • Język tekstu oryginalnego i/lub pośredniego (P)
    • wielojęzyczny
942 -Rodzaj dokumentu [ , ]
    • c
    • Rodzaj dokumentu
    • Książka
245 -Strefa tytułu i oznaczenia odpowiedzialności [0,0]
    • a
    • Tytuł
    • Antropologia słowa : Find
    • b
    • Ciąg dalszy tytułu (NP)
    • zagadnienia i wybór tekstów / Find
    • c
    • Pozostałe elementy strefy tytułu i oznaczenia odpowiedzialności (NP)
    • oprac. Grzegorz Godlewski, Andrzej Mencwel, Roch Sulima ; wstęp i red. Grzegorz Godlewski.
260 -Strefa adresu wydawniczego [ , ]
    • a
    • Miejsce wydania (P)
    • Warszawa :
    • b
    • Nazwa wydawcy (P)
    • Wydawnictwo Uniwersytetu Warszawskiego,
    • c
    • Data wydania (P)
    • [2004], cop. 2003.
300 -Strefa opisu fizycznego [ , ]
    • a
    • Określenie formy książki i/lub objętość (NP)
    • 670 s. ;
    • c
    • Format (NP)
    • 24 cm.
336 -Typ zawartości [ , ]
    • a
    • Termin opisujący typ zawartości
    • Tekst
    • b
    • Kod określający zawartość
    • txt
    • 2
    • Źródło (terminu i kodu)
    • rdacontent
337 -Typ mediów [ , ]
    • a
    • Tryb odtwarzania
    • Bez urządzenia pośredniczącego
    • b
    • Kod typu mediów
    • n
    • 2
    • Źródło (terminu i kodu)
    • rdamedia
338 -Typ/rodzaj nośnika [ , ]
    • a
    • Hasło opisujące typ nośnika
    • Wolumin
    • b
    • Kod typu nośnika
    • nc
    • 2
    • Źródło (terminu i kodu)
    • rdacarrier
490 -Strefa serii i książki wielotomowej - forma nie do wyszukiwania [1, ]
    • a
    • Tytuł (P)
    • Wiedza o Kulturze - Uniwersytet Warszawski Find
830 -Hasło dodatkowe serii i opisu książki wielotomowej - tytuł ujednolicony/tytuł [ ,0]
    • a
    • Tytuł ujednolicony/tytuł (NP)
    • Wiedza o Kulturze - Uniwersytet Warszawski
    • 9
    • KHW
    • 41080
500 -Uwaga ogólna [ , ]
    • a
    • Uwaga ogólna (NP)
    • Data druku wg informacji od wydawcy: 2004.
504 -Uwaga dot. bibliogr. załącznikowej [ , ]
    • a
    • Uwaga dot. bibliografii załącznikowej
    • Bibliogr. przy rozdz.
546 -Uwaga dot. języka [ , ]
    • a
    • Uwaga dot. języka
    • Tekst część. tł. z wielu jęz.
080 -Uniwersalna Klasyfikacja Dziesiętna [ , ]
    • 2
    • Identyfikator wydania tablic
    • UDC-P058
    • a
    • Symbol klasyfikacji
    • 81'23
    • b
    • Dopowiedzenie
    • Psycholingwistyka. Psychologia myślenia. Język a myślenie.
    • x
    • Poddział wspólny
    • (082.2)
080 -Uniwersalna Klasyfikacja Dziesiętna [ , ]
    • 2
    • Identyfikator wydania tablic
    • UDC-P058
    • a
    • Symbol klasyfikacji
    • 81:39
    • b
    • Dopowiedzenie
    • Etnolingwistyka.
    • x
    • Poddział wspólny
    • (082.2)
080 -Uniwersalna Klasyfikacja Dziesiętna [ , ]
    • 2
    • Identyfikator wydania tablic
    • UDC-P058
    • a
    • Symbol klasyfikacji
    • 316.7
    • b
    • Dopowiedzenie
    • Socjologia kultury. Kulturowy kontekst życia społecznego. Antropologia społeczna. Kultura różnych społeczeństw. Cywilizacja. Podkultury. Subkultury. Kultura masowa. Kultury różnych grup. Dynamika kultury. Akulturacja. Zmiana kulturowa. Rozprzestrzenianie się kultury. Sankcje społeczne. Uspołecznianie zachowań.
    • x
    • Poddział wspólny
    • (082.2)
650 -Hasło przedmiotowe [ ,7]
    • a
    • Hasło przedmiotowe
    • Etnolingwistyka.
    • 2
    • Źródło terminu
    • kaba
    • 9
    • KHW
    • 107944
650 -Hasło przedmiotowe [ ,7]
    • a
    • Hasło przedmiotowe
    • Język i kultura.
    • 2
    • Źródło terminu
    • kaba
    • 9
    • KHW
    • 113200
650 -Hasło przedmiotowe [ ,7]
    • a
    • Hasło przedmiotowe
    • Kultura.
    • 2
    • Źródło terminu
    • kaba
    • 9
    • KHW
    • 116397
650 -Hasło przedmiotowe [ ,7]
    • a
    • Hasło przedmiotowe
    • Literatura
    • x
    • Określnik rzeczowy
    • aspekt społeczny.
    • 2
    • Źródło terminu
    • kaba
    • 9
    • KHW
    • 117266
980 -Symbol UKD [ , ]
    • a
    • UKD
    • 81'23:81:39:316.7](082.2)
700 -Hasło dodatkowe - nazwa osobowa [1, ]
    • a
    • Nazwa osobowa (NP)
    • Godlewski, Grzegorz Find
    • d
    • Daty biograficzne (NP)
    • (1955- ).
    • e
    • Określenie rodzaju współpracy
    • Oprac.
    • 9
    • KHW
    • 507
700 -Hasło dodatkowe - nazwa osobowa [1, ]
    • a
    • Nazwa osobowa (NP)
    • Mencwel, Andrzej Find
    • d
    • Daty biograficzne (NP)
    • (1940- ).
    • e
    • Określenie rodzaju współpracy
    • Oprac.
    • 9
    • KHW
    • 18368
700 -Hasło dodatkowe - nazwa osobowa [1, ]
    • a
    • Nazwa osobowa (NP)
    • Sulima, Roch Find
    • d
    • Daty biograficzne (NP)
    • (1942- ).
    • e
    • Określenie rodzaju współpracy
    • Oprac.
    • 9
    • KHW
    • 27774
710 -Hasło dodatkowe - nazwa ciała zbiorowego [2, ]
    • a
    • Nazwa ciała zbiorowego lub nazwa geograficzna jako pierwszy element (NP)
    • Wydawnictwa Uniwersytetu Warszawskiego.
    • 4
    • Kod relacji
    • pbl
    • 9
    • KHW
    • 50781
920 -ISBN [ , ]
    • a
    • ISBN
    • 978-83-235-0051-3 Find
Sygnatura Numer inwentarzowy Status udost. Data inwentaryzacji Lokalizacja
 WM.8650-32008-11-07BG
POL. Kulturoznawstwo 03A.796112008-07-21BM